000 00669nam a22002177a 4500
003 MN-UlNLM
005 20220411141631.0
008 220103t2018 mp ||||| |||| 00| 0 mon d
020 _a978-99973-1-604-2
040 _aМонгол Улсын Үндэсний номын сан
084 _2NNA
_a87.2
_bК 342
_q87
100 1 _aКелли Ж.Ф.
245 1 _aОлж мэд
_bКодчилол
_cЕрөн ред. Lizzie Davey
260 1 _aУБ
_bМон судар
_c2018
300 _a64х
_eЗур
546 _aMongolia
653 _aГүн ухаан
_aТанин мэдэхүйн онол
_aТехник
856 _aprintbook
942 _cBK
999 _c590582
_d590639